Prípad čínskeho zvona

Bibliographic Details
Main Author: Gulik, Robert van, 1910-1967 (Author)
Other Authors: Laurinc, Ondrej (Translator)
Format: Book
Language:Slovak
English
PhysicalDescription:215 s. ilustr., mp. 21 cm
Published: Bratislava Slovenský spisovateľ 2009
ISBN:9788022014939
Series:Zelená knižnica
Subjects:

MARC

LEADER 00000cam a2200000 a 4500
001 vtls009952746
003 SK-MaSNL
005 20260301172026.0
008 240318s2009 xo ab g 000 0 slo
015 |a SNBA2010/08-04530 
020 |a 9788022014939  |q (viaz.) 
035 |a 3E4D11A7-8429-4D55-A93B-8B1199558496 
035 |a urn:nbn:sk:snk-amk2cy 
035 |a urn:nbn:sk:snk-am0086vp 
040 |a SNK  |b slo  |c SNK  |e AACR2 
041 1 |a slo  |h eng 
044 |a xo  |c SK 
072 7 |a 821.111-3  |x Anglická próza, anglicky písaná  |2 konspekt 
080 |a 821.112.5-31  |2 2001 
080 |a 821.111-31  |2 2001 
080 |a (0:82-312.4)  |2 2001 
100 1 |a Gulik, Robert van,  |d 1910-1967  |4 aut  |9 243255 
240 1 4 |a The chinese bell murders  |l Slovensky 
245 1 0 |a Prípad čínskeho zvona  |c Robert van Gulik ; [z anglického originálu preložil Ondrej Laurinc] 
260 |a Bratislava  |b Slovenský spisovateľ  |c 2009 
300 |a 215 s.  |b ilustr., mp.  |c 21 cm 
490 1 |a Zelená knižnica 
655 7 |a holandské romány  |2 SNKPH  |9 70657 
655 7 |a anglicky písané romány  |2 SNKPH  |9 70583 
655 7 |a detektívne romány  |2 SNKPH  |9 70455 
700 1 |a Laurinc, Ondrej  |4 trl  |9 226557 
830 0 |a Zelená knižnica  |9 276858 
919 |a 978-80-220-1493-9 
958 |a UP 
958 |a LX 
958 |a OND 
968 |b ENG  |d 821 
999 |c 832151  |d 834081 
952 |a SNK  |b SNK  |y PREZ  |7 0  |p 17A0634117  |o snkSC 137621  |i snk2009/18974  |8 0  |0 0  |1 0  |4 0  |d 2009-10-21  |l 0  |r 2025-07-04 00:00:00  |w 2026-02-24 
952 |a SNK  |b SNK  |y PREZ  |7 0  |p 17A0637622  |o snkSC 137621 D1  |i snk2009/21920  |8 0  |0 0  |1 0  |4 0  |d 2009-12-08  |f 1  |l 0  |r 2026-02-24 03:42:17  |w 2026-02-24